Statystyki dla Największe miasta w Polsce z polską literką

Kliknij tutaj aby rozwiązać quiz!

Ogólne statystyki

  • Ten quiz został rozwiązany 44 razy
  • Średni wynik to 40 z 100

Statystyki odpowiedzi

#PopulacjaWojewództwoMiasto% Poprawnych
1779 966małopolskieKraków
95%
5470 805pomorskieGdańsk
93%
6296 958podlaskieBiałystok
90%
2672 185łódzkieŁódź
90%
4532 048wielkopolskiePoznań
85%
3641 928dolnośląskieWrocław
85%
9196 638podkarpackieRzeszów
76%
8198 613kujawsko-pomorskieToruń
76%
11140 892lubuskieZielona Góra
73%
13122 589lubuskieGorzów Wielkopolski
71%
7217 530śląskieCzęstochowa
68%
14118 582warmińsko-mazurskieElbląg
66%
19107 498małopolskieTarnów
66%
5646 198zachodniopomorskieKołobrzeg
61%
17109 971dolnośląskieWałbrzych
59%
20106 846śląskieChorzów
56%
16118 268mazowieckiePłock
56%
3662 785lubelskieZamość
56%
3961 903podlaskieEłk
54%
2289 780pomorskieSłupsk
54%
3169 639podlaskieSuwałki
54%
6539 189zachodniopomorskieŚwinoujście
54%
10169 756śląskieBielsko-Biała
51%
15118 285śląskieDąbrowa Górnicza
51%
2578 335dolnośląskieJelenia Góra
51%
2483 558małopolskieNowy Sącz
51%
4459 779podkarpackiePrzemyśl
49%
4261 135lubelskieChełm
46%
2971 674kujawsko-pomorskieInowrocław
46%
3862 573podlaskieŁomża
46%
2772 527wielkopolskiePiła
46%
18108 561kujawsko-pomorskieWłocławek
46%
5249 108śląskieŚwiętochłowice
44%
4856 008śląskieBędzin
41%
4656 419łódzkieBełchatów
41%
4556 942lubelskieBiała Podlaska
41%
2193 564kujawsko-pomorskieGrudziądz
41%
4360 021opolskieKędzierzyn-Koźle
41%
2872 250łódzkiePiotrków Trybunalski
41%
12136 423śląskieRuda Śląska
41%
8830 153podlaskieAugustów
39%
3466 120dolnośląskieGłogów
39%
3071 560wielkopolskieOstrów Wielkopolski
37%
4161 338łódzkieTomaszów Mazowiecki
37%
2388 038śląskieJastrzębie-Zdrój
34%
2674 559śląskieMysłowice
34%
5151 656mazowieckieOstrołęka
34%
7137 231małopolskieOświęcim
34%
3366 270śląskieSiemianowice Śląskie
34%
4756 222dolnośląskieŚwidnica
34%
7336 575małopolskieChrzanów
32%
5942 239mazowieckieCiechanów
32%
8431 061dolnośląskieDzierżoniów
32%
9527 596warmińsko-mazurskieGiżycko
32%
10025 113dolnośląskieKłodzko
32%
8531 047mazowieckieMława
32%
7833 153dolnośląskieOława
32%
3267 404świętokrzyskieOstrowiec Świętokrzyski
32%
3762 623mazowieckiePruszków
32%
5054 259śląskieRacibórz
32%
5447 272pomorskieStarogard Gdański
32%
6042 150mazowieckieWołomin
32%
3562 844śląskieŻory
32%
8630 492śląskieCzeladź
29%
7933 128warmińsko-mazurskieIława
29%
6937 479podkarpackieJarosław
29%
7734 081pomorskieLębork
29%
9826 247łódzkieŁowicz
29%
6340 297mazowieckieMińsk Mazowiecki
29%
9128 564mazowieckieNowy Dwór Mazowiecki
29%
4954 702śląskiePiekary Śląskie
29%
5546 965lubelskiePuławy
29%
7037 293dolnośląskieBolesławiec
27%
5745 189podkarpackieDębica
27%
6141 314śląskieMikołów
27%
5844 260świętokrzyskieSkarżysko-Kamienna
27%
6639 136lubelskieŚwidnik
27%
4061 756śląskieTarnowskie Góry
27%
7634 542podkarpackieJasło
24%
9627 569lubelskieŁuków
24%
7535 346dolnośląskieOleśnica
24%
5347 576śląskieWodzisław Śląski
24%
9726 841mazowieckieWyszków
24%
7436 004lubuskieŻary
24%
6240 730łódzkieZduńska Wola
24%
6439 992mazowieckieŻyrardów
24%
8730 313śląskieŻywiec
24%
6838 566lubuskieNowa Sól
22%
8132 714warmińsko-mazurskieOstróda
22%
9029 862wielkopolskieSwarzędz
22%
8331 857wielkopolskieWrześnia
22%
9427 629warmińsko-mazurskieKętrzyn
20%
6738 594śląskieKnurów
20%
7236 870lubelskieKraśnik
20%
8032 848wielkopolskieLuboń
20%
9228 262wielkopolskieŚrem
17%
9925 457wielkopolskieWągrowiec
17%
8930 072śląskieMyszków
15%
8232 093pomorskiePruszcz Gdański
12%
9327 998mazowieckieKobyłka
7%

Rozkład punktacji

Percentyl według liczby udzielonych odpowiedzi

Procent ludzi z każdym wynikiem

Twoja historia wyników

Nie rozwiązałeś tego quizu